Lenguaje escrito : diagnóstico, enseñanza y recuperación /

Guardado en:
Autor Principal: Sánchez, Benjamin
Formato: Libro
Publicado: Buenos Aires : Kapelusz, 1977
Materias:
Etiquetas: Agregar Etiqueta
Sin Etiquetas, Sea el primero en etiquetar este registro!
LEADER 00666nam a22002175a 4500
001 CEM.cems006139
005 20060214000000.0
008 130507s1977##################000#0#####d
003 CEMS
082 0 4 |a 372.6 
100 1 |a Sánchez, Benjamin 
245 1 0 |a Lenguaje escrito :  |b diagnóstico, enseñanza y recuperación / 
260 |a Buenos Aires :  |b Kapelusz,  |c 1977 
300 |a 109 p. 
653 |a Educacion 
653 |a Educacion primaria 
653 |a Expresion escrita 
653 |a Lenguaje-enseñanza 
653 |a Ortografia 
859 |a CEMS  |b BIB. CEMS - 11 de abril  |h 372.6  |i Sa55  |p 6745.79  |t Ej.1 
859 |a CEMS  |b BIB. CEMS - 11 de abril  |h 372.6  |i Sa55  |p 6776.79  |t Ej.2